Salud laboral : (Registro nro. 21650)

Detalles MARC
000 -Cabecera
Campo de control interno 01265nam a2200265Ia 4500
005 - Fecha y hora del registro
control field 20260416162616.0
008 - Elementos de Longitud Fija
fixed length control field 260320s9999||||xx |||||||||||||| ||und||
020 ## - ISBN
ISBN 9788436829471
041 ## - Idioma
Codigo Idioma ESP
082 ## - DEWEY y NOTACIÓN INTERNA
Dewey 613.62
Notación Interna M86
100 ## - AUTOR
Autor denominación Moreno Jiménez, Bernardo,
Término de relación autor
245 #0 - TÍTULO DE MATERIAL BIBLIOGRÁFICO
Título Salud laboral :
Título paralelo riesgos laborales psicosociales y bienestar laboral
260 ## - CIUDAD, EDITORIAL, AÑO
Ciudad Madrid :
Nombre de la Editorial Ediciones Pirámide,
Año 2024
300 ## - DESCRIPCIÓN
N° Páginas 670 páginas :
Otros detalles cuadros ;
Dimensiones 24 cm.
440 ## - MENCIÓN DE SERIE
Título de la Serie (Colección Psicología)
650 ## - TEMAS
Temas Tecnología (Ciencias Aplicadas)
653 ## - DESCRIPTORES
Lenguajes no controlado Promoción de la salud y salud personal; Seguridad en el trabajo; Trabajo - Aspectos psicológicos
654 ## - PROGRAMAS
Programa Dpto. de Ciencias de la Salud
700 ## - OTROS AUTORES
Otros autores Garrosa Hernández, Eva,
Títulos y otras palabras asociadas con el nombre autor
856 ## - URL - UBICACIÓN
URI/URL: Enlace exacto del recurso <a href="https://itmsp.museknowledge.com/UCSP?url=https://www.ebooks7-24.com:443/?il=3373&pg=1">https://itmsp.museknowledge.com/UCSP?url=https://www.ebooks7-24.com:443/?il=3373&pg=1</a>
Nota pública: Versión digital <a href="Véase además: Psicología del trabajo: comportamiento humano en el ámbito laboral. Versión digital">Véase además: Psicología del trabajo: comportamiento humano en el ámbito laboral. Versión digital</a>
856 ## - URL - UBICACIÓN
URI/URL: Enlace exacto del recurso <a href="https://0u213wro8-y-https-ebooks7--24-com.itmsp.museknowledge.com/biblioteca.aspx">https://0u213wro8-y-https-ebooks7--24-com.itmsp.museknowledge.com/biblioteca.aspx</a>
Nota pública: Versión digital <a href="Véase además: Base de datos Ebook7-24">Véase además: Base de datos Ebook7-24</a>
856 ## - URL - UBICACIÓN
URI/URL: Enlace exacto del recurso <a href="https://0u20vwrok-y-https-ebookcentral-proquest-com.itmsp.museknowledge.com/lib/catolicasp/home.action">https://0u20vwrok-y-https-ebookcentral-proquest-com.itmsp.museknowledge.com/lib/catolicasp/home.action</a>
Nota pública: Versión digital <a href="Véase además: Base de datos ProQuest Ebook Central">Véase además: Base de datos ProQuest Ebook Central</a>
942 ## - ELEMENTOS DE KOHA
Tipo de documento Libro
Nombre del creador Justo Noguera
Código de catalogador Margarita Torres
Esquema de clasificación Dewey Decimal Classification
Existencias
Codigo completo Registro Colección Copia número Disponibilidad Tipo de préstamo Biblioteca Actual Procedencia (Biblioteca) Ubicacón Fecha Ingreso Tipo de Adquisición Date last seen Total checkouts Price effective from Tipo de Item Estado del Material Fuente de Clasificación Damaged status Withdrawn status
613.62 M86 1085196 Universidad Católica San Pablo 1 Disponible Disponible Víctor Andrés Belaunde Víctor Andrés Belaunde Planta baja abierta 24/03/2026 Compra 24/03/2026   24/03/2026 Libro Bueno Dewey Decimal Classification    
613.62 M86 1085197 Universidad Católica San Pablo 2 Disponible Disponible Víctor Andrés Belaunde Víctor Andrés Belaunde Planta baja abierta 24/03/2026 Compra 24/03/2026   24/03/2026 Libro Bueno Dewey Decimal Classification